| 000 | 00758nam a2200229 i 4500 | ||
|---|---|---|---|
| 001 | 172506 | ||
| 003 | ES-MaACL | ||
| 005 | 20250911063604.0 | ||
| 008 | 090713s2000 fr |||| | fre d | ||
| 020 | _a2-290-30639-8 | ||
| 080 | _a929 Piaf, Edith | ||
| 100 | 1 |
_aCuesta, Stan, _d1961- _9141051 |
|
| 245 | 1 | 0 |
_aÉdith Piaf / _cStan Cuesta ; [préface de François Hadji-Lazaro]. |
| 260 |
_a[Paris] : _bE.J.L., _c[2000] |
||
| 300 |
_a87 p. ; _c21cm. |
||
| 490 | 1 |
_aLibrio musique, _x1255-0337 |
|
| 600 | 0 | 4 |
_aPiaf, Edith. _991736 |
| 700 | 1 |
_aHadji-Lazaro, François. _9141052 |
|
| 830 | 0 |
_aLibrio musique, _x1255-0337 _9223348 |
|
| 852 |
_aES-MaACL _jE-12824 _9R.139212 _z.- Biblioteca Jacinto Martínez Lacalle |
||
| 999 |
_c172506 _d172506 |
||